LIBRARY & INFORMATION CENTRE, KCAET, TAVANUR

ONLINE PUBLIC ACCESS CATALOGUE (OPAC)

Veettinakathoru Poonthottam / (Record no. 6242)

MARC details
000 -LEADER
fixed length control field 00319cam a2200121ua 4500
082 ## - DEWEY DECIMAL CLASSIFICATION NUMBER
Classification number 635.01
Item number VIS/VEE
100 ## - MAIN ENTRY--AUTHOR NAME
Personal name Vishnu Swarup, .
245 ## - TITLE STATEMENT
Title Veettinakathoru Poonthottam /
250 ## - EDITION STATEMENT
Edition statement 1 /
260 ## - PUBLICATION, DISTRIBUTION, ETC. (IMPRINT)
Place of publication Thiruvananthapuram :
Name of publisher State Instititute of Languages ,
Year of publication 1975.
300 ## - PHYSICAL DESCRIPTION
Number of Pages 108 ; .
942 ## - ADDED ENTRY ELEMENTS (KOHA)
Koha item type Books
Holdings
Withdrawn status Lost status Damaged status Home library Current library Date acquired Full call number Accession Number Koha item type
Withdrawn   Damaged KAUAET KAUAET 07/04/2012 635.01 14038 Books
      KAUAET KAUAET 07/04/2012 635.01 14040 Books
      KAUAET KAUAET 07/04/2012 635.01 14041 Books
      KAUAET KAUAET 07/04/2012 635.01 13782 Books
      KAUAET KAUAET 07/04/2012 635.01 13784 Books
      KAUAET KAUAET 07/04/2012 635.01 13783 Books
      KAUAET KAUAET 07/04/2012 635.01 14039 Books
Withdrawn     KAUAET KAUAET 07/04/2012 635.01 13781 Books
Withdrawn     KAUAET KAUAET 16/11/2023 635.01 VIS/VEE 13785 Books
free website counter